000 00321nam a22001337a 4500
008 180927b xxu||||| |||| 00| 0 eng d
020 _a9780323075831
041 _aeng
080 _23 ED
_a610
100 _a3
101 _aNUR
245 _aFor Long Term Care Nursing Assisyants
_cSoorentino .j
942 _2udc
_cBK
999 _c48570
_d48570